عرض عادي
عرض مارك
- دوزي، وليد،
دخول Personal Name
001 - CONTROL NUMBER
- control field: 26974
003 - CONTROL NUMBER IDENTIFIER
- control field: AE-AdECS
005 - DATE AND TIME OF LATEST TRANSACTION
- control field: 20260226081410.0
008 - FIXED-LENGTH DATA ELEMENTS
- fixed length control field: 260226|| aca||aabn | a|a d
040 ## - CATALOGING SOURCE
- Original cataloging agency: AE-AdECS
- Transcribing agency: AE-AdECS
100 ## - HEADING--PERSONAL NAME
- Personal name: دوزي، وليد،
670 ## - SOURCE DATA FOUND
- Source citation: Work cat.: (AE-AdECS)294312: دوزي، وليد، مؤلف., موجز الدراسة في المدخل إلى علم السياسة /
